[Event "Deutsche Ländermeisterschaft 2019"]
[Site "Würzburg GER"]
[Date "2019.10.04"]
[Round "4"]
[White "Vuckovic, Zarko"]
[Black "Muckle, Julius"]
[Result "1-0"]
[Termination "normal"]
[Board "4.1"]
[BlackTitle "FM"]
[WhiteElo "2250"]
[BlackElo "2398"]
[WhiteClock "00:30:06"]
[BlackClock "00:19:30"]
[WhiteTeam "Bayern 1"]
[BlackTeam "Rheinland-Pfalz"]
[PlyCount "93"]
[WhiteFideId "12952087"]
[BlackFideId "12942430"]
[EventCountry "GER"]
[EventRounds "7"]
[EventType "team-swiss"]
[EventDate "2019.10.01"]

1. d4 {[%clk 1:30:59]} d5 {[%clk 1:30:58]} 2. c4 {[%clk 1:31:25]} c6 {[%clk
1:31:26]} 3. cxd5 {[%clk 1:31:49]} cxd5 {[%clk 1:31:44]} 4. Bg5 {[%clk
1:32:16]} h6 {[%clk 1:27:27]} 5. Bh4 {[%clk 1:31:54]} Qb6 {[%clk 1:23:02]} 6.
Nc3 {[%clk 1:32:19]} e6 {[%clk 1:13:26]} 7. Qd2 {[%clk 1:32:26]} Nc6 {[%clk
1:11:18]} 8. e3 {[%clk 1:31:47]} Bd7 {[%clk 1:09:08]} 9. Bd3 {[%clk 1:30:40]}
Rc8 {[%clk 1:08:43]} 10. Nf3 {[%clk 1:30:07]} Nf6 {[%clk 1:08:52]} 11. O-O
{[%clk 1:22:52]} Bb4 {[%clk 1:07:06]} 12. Bxf6 {[%clk 1:21:27]} gxf6 {[%clk
1:07:32]} 13. Rac1 {[%clk 1:19:18]} Na5 {[%clk 0:53:14]} 14. e4 {[%clk
1:09:18]} dxe4 {[%clk 0:40:47]} 15. Bxe4 {[%clk 1:09:36]} Nc4 {[%clk 0:41:04]}
16. Qf4 {[%clk 1:05:54]} f5 {[%clk 0:37:38]} 17. Bb1 {[%clk 0:47:15]} Qd6
{[%clk 0:26:38]} 18. Qh4 {[%clk 0:41:38]} Qe7 {[%clk 0:23:10]} 19. Qh5 {[%clk
0:39:49]} Nxb2 {[%clk 0:20:46]} 20. Ne2 {[%clk 0:36:53]} Bd6 {[%clk 0:10:15]}
21. d5 {[%clk 0:34:36]} Kd8 {[%clk 0:09:31]} 22. Ned4 {[%clk 0:22:48]} Qf6
{[%clk 0:08:29]} 23. Rfe1 {[%clk 0:13:58]} Na4 {[%clk 0:06:47]} 24. Rxc8+
{[%clk 0:13:28]} Kxc8 {[%clk 0:07:06]} 25. dxe6 {[%clk 0:13:32]} fxe6 {[%clk
0:07:04]} 26. Nxe6 {[%clk 0:13:39]} Re8 {[%clk 0:04:33]} 27. Bxf5 {[%clk
0:14:01]} Nc5 {[%clk 0:03:48]} 28. Rc1 {[%clk 0:12:29]} Rxe6 {[%clk 0:01:45]}
29. Bxe6 {[%clk 0:12:50]} Bxe6 {[%clk 0:00:54]} 30. Rxc5+ {[%clk 0:13:04]} Bxc5
{[%clk 0:01:22]} 31. Qxc5+ {[%clk 0:13:30]} Kd7 {[%clk 0:01:49]} 32. Ne5+
{[%clk 0:12:42]} Ke8 {[%clk 0:01:40]} 33. Qd6 {[%clk 0:08:39]} Qe7 {[%clk
0:01:41]} 34. Qd4 {[%clk 0:06:41]} Bxa2 {[%clk 0:01:27]} 35. h3 {[%clk
0:06:51]} Qe6 {[%clk 0:00:47]} 36. Qa4+ {[%clk 0:04:21]} Kd8 {[%clk 0:00:51]}
37. f4 {[%clk 0:04:36]} a6 {[%clk 0:00:40]} 38. Qe4 {[%clk 0:02:18]} Kc8 {[%clk
0:00:33]} 39. f5 {[%clk 0:01:52]} Qd5 {[%clk 0:01:02]} 40. Qf4 {[%clk 0:02:14]}
Qg8 {[%clk 0:00:33]} 41. f6 {[%clk 0:30:10]} Bd5 {[%clk 0:28:31]} 42. g4 {[%clk
0:28:59]} Qf8 {[%clk 0:20:00]} 43. Qf5+ {[%clk 0:28:50]} Kc7 {[%clk 0:18:45]}
44. Qd7+ {[%clk 0:29:15]} Kb8 {[%clk 0:19:00]} 45. Qxd5 {[%clk 0:29:43]} Qa3
{[%clk 0:19:01]} 46. Qd8+ {[%clk 0:29:42]} Ka7 {[%clk 0:19:30]} 47. Nc6+ {[%clk
0:30:06]} 1-0

[Event "Deutsche Ländermeisterschaft 2019"]
[Site "Würzburg GER"]
[Date "2019.10.04"]
[Round "4"]
[White "Goldbeck, Lars"]
[Black "Musiolik, David"]
[Result "1/2-1/2"]
[Termination "normal"]
[Board "4.3"]
[WhiteElo "2193"]
[BlackElo "2195"]
[WhiteClock "00:04:07"]
[BlackClock "00:08:15"]
[WhiteTeam "Bayern 1"]
[BlackTeam "Rheinland-Pfalz"]
[PlyCount "73"]
[WhiteFideId "16208188"]
[BlackFideId "12972355"]
[EventCountry "GER"]
[EventRounds "7"]
[EventType "team-swiss"]
[EventDate "2019.10.01"]

1. d4 {[%clk 1:30:57]} d5 {[%clk 1:30:55]} 2. c4 {[%clk 1:31:25]} e6 {[%clk
1:31:16]} 3. Nc3 {[%clk 1:31:51]} Be7 {[%clk 1:31:27]} 4. Nf3 {[%clk 1:32:15]}
Nf6 {[%clk 1:31:53]} 5. Bf4 {[%clk 1:32:41]} O-O {[%clk 1:29:07]} 6. e3 {[%clk
1:33:00]} c6 {[%clk 1:28:22]} 7. Qc2 {[%clk 1:33:24]} Na6 {[%clk 1:25:23]} 8.
Rd1 {[%clk 1:24:07]} h6 {[%clk 1:19:07]} 9. a3 {[%clk 1:19:07]} Nc7 {[%clk
1:16:59]} 10. e4 {[%clk 1:01:01]} b6 {[%clk 1:12:02]} 11. Ne5 {[%clk 0:56:21]}
Bb7 {[%clk 1:08:59]} 12. Bd3 {[%clk 0:50:03]} c5 {[%clk 1:04:46]} 13. dxc5
{[%clk 0:45:46]} bxc5 {[%clk 1:04:09]} 14. cxd5 {[%clk 0:42:35]} exd5 {[%clk
1:02:16]} 15. exd5 {[%clk 0:41:51]} Ncxd5 {[%clk 1:00:47]} 16. Nxd5 {[%clk
0:42:03]} Bxd5 {[%clk 1:00:26]} 17. O-O {[%clk 0:41:25]} Qb6 {[%clk 0:59:22]}
18. Nc4 {[%clk 0:36:23]} Qb7 {[%clk 0:55:45]} 19. Rfe1 {[%clk 0:36:09]} Rfe8
{[%clk 0:54:07]} 20. Re3 {[%clk 0:30:07]} Rad8 {[%clk 0:44:51]} 21. Rde1 {[%clk
0:26:47]} Bf8 {[%clk 0:41:48]} 22. f3 {[%clk 0:22:26]} Re6 {[%clk 0:36:31]} 23.
Rxe6 {[%clk 0:18:38]} Bxe6 {[%clk 0:36:24]} 24. Be5 {[%clk 0:17:37]} Be7 {[%clk
0:34:18]} 25. Bf5 {[%clk 0:14:35]} Bxf5 {[%clk 0:32:16]} 26. Qxf5 {[%clk
0:15:03]} Qd7 {[%clk 0:32:21]} 27. Qxd7 {[%clk 0:13:53]} Rxd7 {[%clk 0:29:03]}
28. Kf2 {[%clk 0:12:29]} Kf8 {[%clk 0:28:28]} 29. Ke2 {[%clk 0:10:33]} Nd5
{[%clk 0:20:55]} 30. Rd1 {[%clk 0:08:33]} Ke8 {[%clk 0:18:17]} 31. Ne3 {[%clk
0:05:29]} Nxe3 {[%clk 0:11:04]} 32. Rxd7 {[%clk 0:05:56]} Kxd7 {[%clk 0:11:24]}
33. Kxe3 {[%clk 0:06:26]} f6 {[%clk 0:11:32]} 34. Bb8 {[%clk 0:06:21]} Bd6
{[%clk 0:09:37]} 35. Bxa7 {[%clk 0:05:25]} Kc6 {[%clk 0:08:12]} 36. b4 {[%clk
0:03:47]} cxb4 {[%clk 0:08:15]} 37. axb4 {[%clk 0:04:07]} 1/2-1/2

[Event "Deutsche Ländermeisterschaft 2019"]
[Site "Würzburg GER"]
[Date "2019.10.04"]
[Round "4"]
[White "Boder, Jan"]
[Black "Lohvinov, Petro"]
[Result "1/2-1/2"]
[Termination "normal"]
[Board "4.4"]
[WhiteElo "2087"]
[BlackElo "2117"]
[WhiteClock "00:49:46"]
[BlackClock "00:29:57"]
[WhiteTeam "Rheinland-Pfalz"]
[BlackTeam "Bayern 1"]
[PlyCount "86"]
[WhiteFideId "16243226"]
[BlackFideId "14176661"]
[EventCountry "GER"]
[EventRounds "7"]
[EventType "team-swiss"]
[EventDate "2019.10.01"]

1. c4 {[%clk 1:30:40]} Nf6 {[%clk 1:30:54]} 2. g3 {[%clk 1:31:06]} g6 {[%clk
1:31:18]} 3. Bg2 {[%clk 1:31:31]} Bg7 {[%clk 1:31:44]} 4. Nc3 {[%clk 1:31:55]}
O-O {[%clk 1:32:03]} 5. e4 {[%clk 1:32:02]} d6 {[%clk 1:32:24]} 6. Nge2 {[%clk
1:32:24]} c5 {[%clk 1:32:48]} 7. d3 {[%clk 1:32:48]} Nc6 {[%clk 1:33:12]} 8.
O-O {[%clk 1:33:13]} a6 {[%clk 1:32:48]} 9. f4 {[%clk 1:29:24]} Ne8 {[%clk
1:17:29]} 10. Be3 {[%clk 1:27:30]} Nd4 {[%clk 1:08:19]} 11. Rb1 {[%clk
1:22:15]} Bg4 {[%clk 0:56:30]} 12. h3 {[%clk 1:20:54]} Bxe2 {[%clk 0:56:37]}
13. Nxe2 {[%clk 1:21:16]} Nxe2+ {[%clk 0:52:11]} 14. Qxe2 {[%clk 1:21:17]} a5
{[%clk 0:49:14]} 15. e5 {[%clk 1:11:09]} dxe5 {[%clk 0:43:11]} 16. Bxc5 {[%clk
1:10:17]} Rc8 {[%clk 0:36:34]} 17. Ba3 {[%clk 1:10:09]} Qd4+ {[%clk 0:23:43]}
18. Kh2 {[%clk 1:05:07]} Nd6 {[%clk 0:22:16]} 19. Bxd6 {[%clk 1:03:50]} Qxd6
{[%clk 0:22:16]} 20. f5 {[%clk 1:01:11]} Rcd8 {[%clk 0:19:20]} 21. Rbd1 {[%clk
0:59:59]} b6 {[%clk 0:17:33]} 22. b3 {[%clk 0:57:26]} Qd4 {[%clk 0:12:57]} 23.
Be4 {[%clk 0:49:21]} Rd6 {[%clk 0:10:54]} 24. Rf3 {[%clk 0:44:06]} Rf6 {[%clk
0:09:57]} 25. Rdf1 {[%clk 0:42:12]} Rd8 {[%clk 0:08:36]} 26. h4 {[%clk
0:40:31]} gxf5 {[%clk 0:03:44]} 27. Bxf5 {[%clk 0:40:06]} Kh8 {[%clk 0:04:03]}
28. Be4 {[%clk 0:37:20]} Rdd6 {[%clk 0:02:39]} 29. g4 {[%clk 0:36:30]} Rxf3
{[%clk 0:02:35]} 30. Rxf3 {[%clk 0:36:56]} Rf6 {[%clk 0:02:43]} 31. Rxf6 {[%clk
0:37:05]} Bxf6 {[%clk 0:01:52]} 32. g5 {[%clk 0:37:24]} Bg7 {[%clk 0:02:18]}
33. Qf3 {[%clk 0:37:14]} Qb2+ {[%clk 0:01:17]} 34. Kh3 {[%clk 0:37:26]} Kg8
{[%clk 0:00:55]} 35. Qf5 {[%clk 0:37:11]} Qxa2 {[%clk 0:00:40]} 36. h5 {[%clk
0:35:12]} Qe2 {[%clk 0:00:39]} 37. h6 {[%clk 0:20:39]} Qe3+ {[%clk 0:00:58]}
38. Kg4 {[%clk 0:20:55]} Qg1+ {[%clk 0:01:07]} 39. Kh3 Qe3+ 40. Kg2 {[%clk
0:19:38]} Qe2+ {[%clk 0:00:56]} 41. Kg3 {[%clk 0:19:57]} Qe3+ {[%clk 0:29:29]}
42. Kg2 {[%clk 0:49:57]} Qe2+ {[%clk 0:29:57]} 43. Kg3 {[%clk 0:49:46]} Qe3+
1/2-1/2

[Event "Deutsche Ländermeisterschaft 2019"]
[Site "Würzburg GER"]
[Date "2019.10.04"]
[Round "4"]
[White "Hetzner, Hannes"]
[Black "Reitz, Theresa"]
[Result "1-0"]
[Termination "normal"]
[Board "4.5"]
[WhiteElo "1996"]
[BlackElo "1935"]
[WhiteClock "00:07:16"]
[BlackClock "00:00:54"]
[WhiteTeam "Bayern 1"]
[BlackTeam "Rheinland-Pfalz"]
[PlyCount "57"]
[WhiteFideId "16211936"]
[BlackFideId "12971901"]
[EventCountry "GER"]
[EventRounds "7"]
[EventType "team-swiss"]
[EventDate "2019.10.01"]

1. d4 {[%clk 1:30:55]} Nf6 {[%clk 1:30:53]} 2. c4 {[%clk 1:31:19]} g6 {[%clk
1:31:19]} 3. Nf3 {[%clk 1:31:44]} Bg7 {[%clk 1:31:25]} 4. e3 {[%clk 1:32:03]}
O-O {[%clk 1:31:07]} 5. Be2 {[%clk 1:32:24]} d5 {[%clk 1:27:35]} 6. cxd5 {[%clk
1:32:43]} Nxd5 {[%clk 1:27:54]} 7. e4 {[%clk 1:32:56]} Nb4 {[%clk 1:26:18]} 8.
O-O {[%clk 1:23:32]} c5 {[%clk 1:16:09]} 9. d5 {[%clk 1:18:24]} f5 {[%clk
1:12:36]} 10. Bc4 {[%clk 0:57:07]} b5 {[%clk 0:42:16]} 11. Bxb5 {[%clk
0:56:22]} fxe4 12. Ng5 {[%clk 0:53:36]} Rf5 {[%clk 0:17:57]} 13. Nc3 {[%clk
0:47:36]} e6 {[%clk 0:06:27]} 14. dxe6 {[%clk 0:36:19]} Qe7 {[%clk 0:06:44]}
15. Qa4 {[%clk 0:28:50]} h6 {[%clk 0:05:27]} 16. Ngxe4 {[%clk 0:28:10]} Bxe6
{[%clk 0:05:22]} 17. Be3 {[%clk 0:26:39]} Nd7 {[%clk 0:04:17]} 18. Nxc5 {[%clk
0:22:54]} Nxc5 {[%clk 0:04:07]} 19. Qxb4 {[%clk 0:23:16]} Qf8 {[%clk 0:03:15]}
20. Bc4 {[%clk 0:21:18]} Bxc4 21. Qxc4+ {[%clk 0:21:42]} Kh8 {[%clk 0:03:31]}
22. Bd4 {[%clk 0:19:31]} Rd8 {[%clk 0:03:00]} 23. Rad1 {[%clk 0:17:29]} Rc8
{[%clk 0:02:07]} 24. Bxg7+ {[%clk 0:13:51]} Kxg7 {[%clk 0:02:20]} 25. b4 {[%clk
0:12:17]} Rf4 {[%clk 0:01:08]} 26. Rd4 {[%clk 0:08:59]} Ne6 {[%clk 0:00:44]}
27. Rd7+ {[%clk 0:08:08]} Kh8 {[%clk 0:00:36]} 28. Qxe6 {[%clk 0:08:11]} Rxc3
{[%clk 0:00:54]} 29. Qxg6 {[%clk 0:07:16]} 1-0

[Event "Deutsche Ländermeisterschaft 2019"]
[Site "Würzburg GER"]
[Date "2019.10.04"]
[Round "4"]
[White "Bardorz, Jana"]
[Black "Yue, Qizhou"]
[Result "1/2-1/2"]
[Termination "normal"]
[Board "4.7"]
[WhiteElo "1929"]
[BlackElo "1810"]
[WhiteClock "00:26:43"]
[BlackClock "00:14:18"]
[WhiteTeam "Bayern 1"]
[BlackTeam "Rheinland-Pfalz"]
[PlyCount "52"]
[WhiteFideId "16208897"]
[BlackFideId "16273800"]
[EventCountry "GER"]
[EventRounds "7"]
[EventType "team-swiss"]
[EventDate "2019.10.01"]

1. e4 {[%clk 1:30:57]} c5 {[%clk 1:30:51]} 2. Nf3 {[%clk 1:31:24]} e6 {[%clk
1:31:15]} 3. d4 {[%clk 1:31:52]} cxd4 {[%clk 1:31:36]} 4. Nxd4 {[%clk 1:32:17]}
Nc6 {[%clk 1:31:59]} 5. Nc3 {[%clk 1:32:41]} Qc7 {[%clk 1:32:20]} 6. Be3 {[%clk
1:33:05]} a6 {[%clk 1:32:42]} 7. Qf3 {[%clk 1:33:27]} Ne5 {[%clk 1:33:01]} 8.
Qg3 {[%clk 1:33:24]} h5 {[%clk 1:33:20]} 9. h4 {[%clk 1:27:12]} d6 {[%clk
1:32:58]} 10. O-O-O {[%clk 1:22:55]} b5 {[%clk 1:32:01]} 11. a3 {[%clk
1:19:39]} Bb7 {[%clk 1:29:47]} 12. Bf4 {[%clk 1:11:15]} O-O-O {[%clk 1:22:24]}
13. f3 {[%clk 1:03:29]} Nf6 {[%clk 0:55:39]} 14. Rd2 {[%clk 0:58:56]} Be7
{[%clk 0:45:26]} 15. Be2 {[%clk 0:55:25]} Nc4 {[%clk 0:40:32]} 16. Bxc4 {[%clk
0:53:16]} Qxc4 {[%clk 0:39:16]} 17. Nb3 {[%clk 0:45:50]} d5 {[%clk 0:21:38]}
18. Na5 {[%clk 0:37:42]} Qc5 {[%clk 0:21:08]} 19. Nxb7 {[%clk 0:37:10]} Kxb7
{[%clk 0:21:22]} 20. exd5 {[%clk 0:35:00]} Nxd5 {[%clk 0:21:03]} 21. Nxd5
{[%clk 0:34:45]} Rxd5 {[%clk 0:20:40]} 22. Rxd5 {[%clk 0:33:10]} exd5 {[%clk
0:18:10]} 23. Rd1 {[%clk 0:30:15]} Rc8 {[%clk 0:17:18]} 24. Rd2 {[%clk
0:26:58]} Qg1+ {[%clk 0:16:31]} 25. Rd1 {[%clk 0:27:17]} Qc5 {[%clk 0:16:46]}
26. Rd2 {[%clk 0:26:43]} Qg1+ {[%clk 0:14:18]} 1/2-1/2

[Event "Deutsche Ländermeisterschaft 2019"]
[Site "Würzburg GER"]
[Date "2019.10.04"]
[Round "4"]
[White "Richter, Johanna"]
[Black "Prinzen, Siri Marleen"]
[Result "0-1"]
[Termination "normal"]
[Board "4.8"]
[WhiteElo "942"]
[BlackElo "1520"]
[WhiteClock "00:22:57"]
[BlackClock "00:51:57"]
[WhiteTeam "Rheinland-Pfalz"]
[BlackTeam "Bayern 1"]
[PlyCount "128"]
[WhiteFideId "16278925"]
[BlackFideId "16265912"]
[EventCountry "GER"]
[EventRounds "7"]
[EventType "team-swiss"]
[EventDate "2019.10.01"]

1. d4 {[%clk 1:30:58]} d5 {[%clk 1:30:44]} 2. Bf4 {[%clk 1:31:21]} Nf6 {[%clk
1:30:44]} 3. e3 {[%clk 1:31:33]} Bf5 {[%clk 1:30:06]} 4. Bd3 {[%clk 1:31:17]}
Bxd3 {[%clk 1:29:10]} 5. Qxd3 {[%clk 1:31:25]} e6 {[%clk 1:29:13]} 6. Nf3
{[%clk 1:30:58]} Nbd7 {[%clk 1:28:47]} 7. Nbd2 {[%clk 1:30:25]} c5 {[%clk
1:23:54]} 8. c3 {[%clk 1:26:44]} Be7 {[%clk 1:22:32]} 9. Qc2 {[%clk 1:21:39]}
O-O {[%clk 1:21:00]} 10. O-O-O {[%clk 1:20:41]} Rc8 {[%clk 1:18:29]} 11. Rdf1
{[%clk 1:15:53]} cxd4 {[%clk 1:17:51]} 12. exd4 {[%clk 1:15:34]} b5 {[%clk
1:17:15]} 13. Kd1 {[%clk 1:02:33]} b4 {[%clk 1:15:34]} 14. Ke2 {[%clk 0:59:04]}
bxc3 {[%clk 1:14:28]} 15. bxc3 {[%clk 0:55:45]} Qa5 {[%clk 1:12:50]} 16. Rc1
{[%clk 0:54:18]} Ba3 {[%clk 1:12:18]} 17. Nb3 {[%clk 0:53:48]} Qa6+ {[%clk
1:12:14]} 18. Qd3 {[%clk 0:53:16]} Qxd3+ {[%clk 1:12:02]} 19. Kxd3 {[%clk
0:53:31]} Bxc1 {[%clk 1:12:22]} 20. Rxc1 {[%clk 0:53:54]} Ne4 {[%clk 1:12:03]}
21. Bg3 {[%clk 0:53:02]} Nb6 {[%clk 1:10:12]} 22. Nc5 {[%clk 0:50:18]} Nxg3
{[%clk 1:08:36]} 23. hxg3 {[%clk 0:50:01]} Rfd8 {[%clk 1:06:56]} 24. Nb7 {[%clk
0:43:44]} Rd7 {[%clk 1:05:22]} 25. Nc5 {[%clk 0:43:31]} Re7 {[%clk 1:05:35]}
26. Ne5 {[%clk 0:43:23]} f6 {[%clk 1:05:35]} 27. Ng4 {[%clk 0:42:37]} h5 {[%clk
1:04:25]} 28. Ne3 {[%clk 0:42:14]} g6 {[%clk 1:03:54]} 29. Nb3 {[%clk 0:39:54]}
e5 {[%clk 1:03:11]} 30. f4 {[%clk 0:39:18]} exd4 {[%clk 1:01:33]} 31. Nxd4
{[%clk 0:39:06]} Rd7 {[%clk 0:55:55]} 32. f5 {[%clk 0:37:25]} Nc4 {[%clk
0:53:08]} 33. fxg6 {[%clk 0:36:47]} Nxe3 {[%clk 0:53:12]} 34. Kxe3 {[%clk
0:36:47]} Rg7 {[%clk 0:49:40]} 35. Nf5 {[%clk 0:36:56]} Re8+ {[%clk 0:50:05]}
36. Kd4 {[%clk 0:36:12]} Rxg6 {[%clk 0:50:24]} 37. Rf1 {[%clk 0:34:07]} Rg5
{[%clk 0:50:06]} 38. Nd6 {[%clk 0:31:34]} Re6 {[%clk 0:50:07]} 39. Nb5 {[%clk
0:29:09]} Re4+ {[%clk 0:49:23]} 40. Kc5 {[%clk 0:29:04]} d4+ {[%clk 0:49:02]}
41. Kc4 {[%clk 0:27:57]} dxc3+ {[%clk 0:49:10]} 42. Kd3 {[%clk 0:26:44]} Reg4
{[%clk 0:49:07]} 43. Nxc3 {[%clk 0:26:48]} Rxg3+ {[%clk 0:49:29]} 44. Kc2
{[%clk 0:26:41]} Rxg2+ {[%clk 0:49:51]} 45. Kb3 {[%clk 0:27:01]} f5 {[%clk
0:49:15]} 46. Rd1 {[%clk 0:26:42]} h4 {[%clk 0:49:25]} 47. Rd8+ {[%clk
0:27:07]} Kh7 {[%clk 0:49:44]} 48. Rd7+ {[%clk 0:27:13]} Rg7 {[%clk 0:50:07]}
49. Rd5 {[%clk 0:27:03]} Rf7 {[%clk 0:49:41]} 50. Rd3 {[%clk 0:25:35]} Rg3
{[%clk 0:49:46]} 51. Rd1 {[%clk 0:25:35]} h3 {[%clk 0:49:48]} 52. Rh1 {[%clk
0:25:47]} Kg6 {[%clk 0:50:07]} 53. Kc2 {[%clk 0:23:01]} Rg2+ {[%clk 0:50:24]}
54. Kd1 {[%clk 0:23:09]} h2 {[%clk 0:50:38]} 55. Ne2 {[%clk 0:23:13]} f4 {[%clk
0:50:11]} 56. Ke1 {[%clk 0:23:24]} f3 {[%clk 0:50:29]} 57. Rxh2 {[%clk
0:23:16]} Rxh2 {[%clk 0:50:48]} 58. Ng3 {[%clk 0:23:12]} f2+ {[%clk 0:50:44]}
59. Kf1 {[%clk 0:23:17]} Rh3 {[%clk 0:50:53]} 60. Kg2 {[%clk 0:22:28]} Rxg3+
{[%clk 0:51:14]} 61. Kxg3 {[%clk 0:22:50]} f1=Q {[%clk 0:51:21]} 62. Kh2 {[%clk
0:22:34]} Rh7+ {[%clk 0:51:30]} 63. Kg3 {[%clk 0:22:45]} Rh3+ {[%clk 0:51:57]}
64. Kg4 {[%clk 0:22:57]} Qf5# 0-1

[Event "Deutsche Ländermeisterschaft 2019"]
[Site "Würzburg GER"]
[Date "2019.10.04"]
[Round "4"]
[White "Gschnitzer, Adrian"]
[Black "Wendler, David"]
[Result "1-0"]
[Termination "normal"]
[Board "6.1"]
[WhiteTitle "FM"]
[WhiteElo "2405"]
[BlackElo "2077"]
[WhiteClock "00:23:14"]
[BlackClock "00:27:19"]
[WhiteTeam "Baden 1"]
[BlackTeam "Team Süd"]
[PlyCount "83"]
[WhiteFideId "1270337"]
[BlackFideId "12938360"]
[EventCountry "GER"]
[EventRounds "7"]
[EventType "team-swiss"]
[EventDate "2019.10.01"]

1. e4 {[%clk 1:30:57]} c6 {[%clk 1:30:33]} 2. d4 {[%clk 1:31:03]} d5 {[%clk
1:30:44]} 3. e5 {[%clk 1:29:58]} Bf5 {[%clk 1:30:55]} 4. Nf3 {[%clk 1:30:19]}
e6 {[%clk 1:30:54]} 5. Be2 {[%clk 1:30:42]} c5 {[%clk 1:30:44]} 6. Be3 {[%clk
1:30:58]} cxd4 {[%clk 1:30:48]} 7. Nxd4 {[%clk 1:30:55]} Ne7 {[%clk 1:30:25]}
8. c4 {[%clk 1:28:53]} Nbc6 {[%clk 1:30:15]} 9. Qa4 {[%clk 1:27:52]} a6 {[%clk
1:29:04]} 10. Nc3 {[%clk 1:26:20]} dxc4 {[%clk 1:28:15]} 11. O-O-O {[%clk
1:24:54]} Qc8 {[%clk 1:27:40]} 12. Nxf5 {[%clk 0:45:11]} Nxf5 {[%clk 1:25:34]}
13. Bb6 {[%clk 0:45:06]} Bb4 {[%clk 1:25:42]} 14. f4 {[%clk 0:20:41]} O-O
{[%clk 1:12:40]} 15. Bf3 {[%clk 0:21:09]} Nfe7 {[%clk 0:58:19]} 16. a3 {[%clk
0:20:02]} Ba5 {[%clk 0:50:46]} 17. Bxa5 {[%clk 0:20:29]} b5 {[%clk 0:51:10]}
18. Qc2 {[%clk 0:20:50]} Nxa5 {[%clk 0:51:33]} 19. Bxa8 {[%clk 0:21:07]} Nb3+
{[%clk 0:50:46]} 20. Kb1 {[%clk 0:21:36]} Qxa8 {[%clk 0:51:08]} 21. g4 {[%clk
0:21:09]} Nd5 {[%clk 0:45:12]} 22. Nxd5 {[%clk 0:20:30]} exd5 {[%clk 0:45:37]}
23. f5 {[%clk 0:17:59]} d4 {[%clk 0:34:30]} 24. f6 {[%clk 0:18:09]} d3 {[%clk
0:31:40]} 25. Qf2 {[%clk 0:18:37]} Qe4 {[%clk 0:25:06]} 26. Rhe1 {[%clk
0:14:47]} Qg6 {[%clk 0:25:32]} 27. Ka2 {[%clk 0:14:35]} d2 {[%clk 0:21:51]} 28.
fxg7 {[%clk 0:14:41]} Kxg7 {[%clk 0:19:22]} 29. Rxd2 {[%clk 0:14:09]} Nxd2
{[%clk 0:19:41]} 30. Qxd2 {[%clk 0:14:37]} Qxg4 {[%clk 0:17:07]} 31. Re3 {[%clk
0:14:54]} Qe6 {[%clk 0:15:32]} 32. Rg3+ {[%clk 0:15:15]} Kh8 {[%clk 0:15:59]}
33. Qg5 {[%clk 0:13:33]} Qg6 {[%clk 0:14:01]} 34. Qe7 {[%clk 0:12:40]} Qh6
{[%clk 0:14:24]} 35. Rh3 {[%clk 0:10:26]} Qg7 {[%clk 0:14:50]} 36. Rg3 {[%clk
0:10:49]} Qh6 {[%clk 0:15:15]} 37. Rh3 {[%clk 0:10:45]} Qg7 {[%clk 0:15:39]}
38. Rf3 {[%clk 0:09:23]} a5 {[%clk 0:10:39]} 39. Qd6 {[%clk 0:03:36]} Re8
{[%clk 0:06:09]} 40. Qd7 {[%clk 0:03:48]} Rf8 {[%clk 0:00:40]} 41. Qxb5 {[%clk
0:29:48]} Qg2 {[%clk 0:27:19]} 42. Qc6 {[%clk 0:23:14]} *

[Event "Deutsche Ländermeisterschaft 2019"]
[Site "Würzburg GER"]
[Date "2019.10.04"]
[Round "4"]
[White "Franke, Luca"]
[Black "Riegel, Arinna"]
[Result "1/2-1/2"]
[Termination "normal"]
[Board "6.4"]
[WhiteElo "1872"]
[BlackElo "1894"]
[WhiteClock "01:01:55"]
[BlackClock "00:02:31"]
[WhiteTeam "Team Süd"]
[BlackTeam "Baden 1"]
[PlyCount "67"]
[WhiteFideId "16234774"]
[BlackFideId "12931446"]
[EventCountry "GER"]
[EventRounds "7"]
[EventType "team-swiss"]
[EventDate "2019.10.01"]

1. d4 {[%clk 1:30:58]} d5 {[%clk 1:30:54]} 2. c4 {[%clk 1:31:22]} e6 {[%clk
1:31:19]} 3. Nf3 {[%clk 1:31:44]} Nf6 {[%clk 1:31:41]} 4. g3 {[%clk 1:32:06]}
Be7 {[%clk 1:30:54]} 5. Bg2 {[%clk 1:32:27]} O-O {[%clk 1:30:59]} 6. O-O {[%clk
1:32:50]} b6 {[%clk 1:27:57]} 7. cxd5 {[%clk 1:32:50]} exd5 {[%clk 1:27:51]} 8.
Qc2 {[%clk 1:32:32]} Bb7 {[%clk 1:23:19]} 9. Bf4 {[%clk 1:30:33]} Bd6 {[%clk
1:20:54]} 10. Be5 {[%clk 1:29:18]} h6 {[%clk 1:17:21]} 11. Nc3 {[%clk 1:27:44]}
c6 {[%clk 1:11:05]} 12. Rfd1 {[%clk 1:25:44]} Qe7 {[%clk 1:07:15]} 13. Bxd6
{[%clk 1:22:19]} Qxd6 14. e4 {[%clk 1:22:34]} dxe4 {[%clk 1:06:02]} 15. Nxe4
{[%clk 1:22:33]} Nxe4 {[%clk 1:05:00]} 16. Qxe4 {[%clk 1:22:55]} Nd7 {[%clk
1:03:50]} 17. Ne5 {[%clk 1:22:19]} Rfe8 {[%clk 1:00:17]} 18. f4 {[%clk
1:22:13]} f6 {[%clk 0:29:07]} 19. Qg6 {[%clk 1:22:26]} Qe6 {[%clk 0:21:24]} 20.
Nxd7 {[%clk 1:11:01]} Qxd7 {[%clk 0:21:17]} 21. Be4 {[%clk 1:11:20]} Kf8 {[%clk
0:11:23]} 22. Qh7 {[%clk 1:05:00]} Qe6 {[%clk 0:10:28]} 23. Re1 {[%clk
1:04:58]} Qg8 {[%clk 0:09:58]} 24. Qxg8+ {[%clk 1:01:58]} Kxg8 {[%clk 0:10:25]}
25. Bg6 {[%clk 1:02:15]} Rxe1+ {[%clk 0:08:28]} 26. Rxe1 {[%clk 1:02:43]} Kf8
{[%clk 0:08:56]} 27. Re6 {[%clk 1:02:40]} Rd8 {[%clk 0:07:43]} 28. Kf2 {[%clk
1:02:58]} c5 {[%clk 0:03:53]} 29. dxc5 {[%clk 1:03:21]} Bd5 {[%clk 0:03:16]}
30. Rd6 {[%clk 1:01:48]} Rxd6 {[%clk 0:03:10]} 31. cxd6 {[%clk 1:02:16]} Bxa2
32. Ke3 {[%clk 1:02:22]} Bf7 {[%clk 0:02:39]} 33. Bf5 {[%clk 1:02:35]} Ke8
{[%clk 0:02:31]} 34. Kd4 {[%clk 1:01:55]} 1/2-1/2